| 000 | 00540nam a22001937a 4500 | ||
|---|---|---|---|
| 005 | 20251108174853.0 | ||
| 008 | 250721s2009 xx 000 0 ara d | ||
| 082 | 1 | 4 | _a747.8/بلد |
| 100 | 1 |
_aالبلداوي، محمد _eمؤلف |
|
| 245 | 1 | 0 | _aفضاء المسجد الداخلي وأثاثه / |
| 264 | 1 |
_aعمان : _bأيلة للنشر، _c2009. |
|
| 300 | _a180ص. | ||
| 650 | 1 | 7 | _aالمساجد |
| 650 | 1 | 7 | _aالديكور |
| 650 | 1 | 7 | _aالزخرفة |
| 650 | 1 | 7 | _aالأثاث |
| 942 |
_2ddc _cBK |
||
| 999 |
_c120237 _d120237 |
||